000 00392nam a2200157Ia 4500
008 230917s9999||||xx |||||||||||||| ||und||
040 _e123181
_aMAIN
041 _aEnglish
082 _a005.432 K811U
100 _aKochan, Stephen G
245 0 _aUnix shell programming
250 _a3rd ed.
260 _aNew Delhi
_bPearson Education
_c2003
300 _axiii p. ; 437p.
942 _cBK
999 _c136623
_d136623